Psychology and life

Bibliographic Details
Main Authors: Zimbardo, Philip G. (Author), Rush, Floyd Leon (Author)
Format: Book
Language:English
Published: Oakland, NJ : Scott, Foresman and Company 1976
Edition:Brief Ninth edition
Subjects:

MARC

LEADER 00000cam a2200000 7i4500
001 0000000373
005 20240919.0
008 991123 nju eng
020 |a 067378825 
040 |a INS   |b eng   |e rda 
090 0 0 |a BF121   |b .R77 1976 
100 1 |a Zimbardo, Philip G. ,   |e author 
245 1 0 |a Psychology and life   |c Philip G. Zimbardo, Floyd L. Rush 
250 |a Brief Ninth edition 
264 1 |a Oakland, NJ :   |b Scott, Foresman and Company   |c 1976 
300 |a 543 pages :   |b illustrations ;   |c 24 cm. 
336 |a text  |2 rdacontent 
337 |a unmediated  |2 rdamedia 
338 |a volume  |2 rdacarrier 
504 |a Includes bibliographical references 
650 0 |a Psychology 
700 1 |a Rush, Floyd Leon ,   |e author 
999 |a 0000002181   |b BOOK   |c Open Shelf   |e Default branch